| 000 | 00535nam a2200181Ia 4500 | ||
|---|---|---|---|
| 003 | GCL | ||
| 008 | 140319s9999 xx 000 0 eng d | ||
| 040 |
_aGCL / _cGCL |
||
| 082 | 0 | 4 |
_a331.1143 _bC D |
| 100 | 1 | _aCHEMERS, MARTINE M. | |
| 245 | 1 | 0 |
_aDIVERSTY IN ORGANIZATIONS: NEW PERSPECTIVE FOR A CHANGING WORKPLACE / _cCHEMERS, MARTINE M. |
| 700 | 1 | _aOSKAMP, STUART | |
| 700 | 1 | _aCOSTANZO, MARK A. | |
| 260 |
_a[S.N] : _bSAGE PUBLICATIONS ، _c1995 |
||
| 300 | _a282 P | ||
| 650 | 0 | 4 | _aDIVERSITY IN THE WORK PLACE |
| 942 |
_2ddc _cBK |
||
| 999 |
_c11255 _d11255 |
||